Statystyki dla Ikony futbolu

Kliknij tutaj aby rozwiązać quiz!

Ogólne statystyki

  • Ten quiz został rozwiązany 135 razy
  • Średni wynik to 29 z 80

Statystyki odpowiedzi

HintOdpowiedź% Poprawnych
2.Pele
96%
3.Maradona
92%
8.Ronaldo
90%
1.Messi
83%
27.Zidane
70%
5.Ronaldinho
68%
18.Lewandowski
66%
10.Maldini
62%
49.Boniek
59%
4.Cristiano Ronaldo
59%
7.Cruyff
55%
56.Carlos
53%
30.Muller
52%
15.Xavi
52%
22.Rivaldo
51%
28.Henry
50%
17.Iniesta
50%
6.Van Basten
50%
23.Garrincha
49%
29.Lahm
49%
11.Gullit
48%
41.Jaszyn/Yashin
48%
34.Kaka
47%
12.Puyol
46%
44.Casillas
44%
21.Buffon
42%
45.Eto
42%
57.Eusebio
42%
19.Ibrahimović
41%
55.Cafu
40%
32.Ramos
40%
67.Dudek
39%
54.Cannavaro
38%
20.Di Stefano
38%
71.Drogba
38%
47.Gerrard
38%
36.Klose
38%
59.Beckham
37%
63.Suarez
37%
65.Neuer
35%
42.Raul
35%
62.Vieira
35%
9.Beckenbauer
34%
39.Pirlo
34%
48.Lato
33%
72.Lampard
32%
13.Matthaus
32%
58.Owen
31%
14.Baggio
30%
75.Lineker
30%
25.Best
29%
33.Szewczenko
28%
40.Baresi
27%
61.Zanetti
27%
76.Moore
26%
60.Deco
25%
66.Kahn
25%
31.Aguero
24%
43.Giggs
23%
69.Desailly
22%
50.Bergkamp
21%
26.Romario
21%
64.Marcelo
19%
73.Vidić
18%
70.Rijkaard
17%
46.Villa
17%
77.Alba
16%
80.Busquets
16%
16.Stoiczkow
16%
35.Carlos Alberto
13%
37.De Bruyne
12%
24.Kluivert
10%
38.Rui Costa
10%
68.Gomez
9%
79.Griezmann
9%
53.Di Natale
8%
51.Yaya Toure
6%
52.Kolo Toure
4%
78.Thiago Silva
4%
74.Rumenigge
2%

Rozkład punktacji

Percentyl według liczby udzielonych odpowiedzi

Procent ludzi z każdym wynikiem

Twoja historia wyników

Nie rozwiązałeś tego quizu